000 00238nam a2200097Ia 4500
001 646010
005 20250826153634.0
008 250824s9999 xx 000 0 und d
245 0 _aFETİH YOLUNDA
_cİSMAİL BİLGİN
260 _bGENÇ TİMAŞ
999 _c646010
_d646010